Lavender blue. #3 / Donna Kauffman.
Available copies
- 2 of 2 copies available at LARL/NWRL Consortium.
- 2 of 2 copies available at Lake Agassiz Regional Library. (Show preferred library)
Current holds
0 current holds with 2 total copies.
Show Only Available Copies
| Location | Call Number / Copy Notes | Barcode | Shelving Location | Status | Due Date |
|---|---|---|---|---|---|
| Crookston Public Library | KAU (Text) | 33500013023205 | Main | Available | - |
| Moorhead Public Library | KAU (Text) | 33500013023213 | Main | Available | - |
Record details
- ISBN: 9781420145496
- ISBN: 1420145495
- Physical Description: 329 pages ; 18 cm.
- Publisher: New York, NY : Zebra Books, Kensington Publishing Corp., [2019]
- Copyright: ©2019
Content descriptions
| Summary, etc.: | Hannah Montgomery, the co-owner of a lavender farm ... Read More |
Search for related items by subject
| Subject: | Women farmers > Fiction. Stonemasons > Fiction. Widowers > Fiction. Single fathers > Fiction. FICTION > Romance > Contemporary. FICTION > Small Town & Rural. FICTION > Women. |
| Genre: | Love stories. Romance fiction. |
Search for related items by series
| LDR | 01539cam a2200409Ii 4500 | ||
|---|---|---|---|
| 001 | 309201 | ||
| 003 | LARL_NWRL_CONSORTIUM | ||
| 005 | 20190306160551.0 | ||
| 008 | 190117s2019 nyu e 000 1 eng d | ||
| 040 | . | ‡aNjBwBT ‡beng ‡erda ‡cT7B ‡dT7B ‡dOCLCO ‡dOI6 ‡dRB0 ‡dIGA ‡dFMG ‡dFLM ‡dOCLCQ ‡dNRG | |
| 020 | . | ‡a9781420145496 ‡q(paperback) | |
| 020 | . | ‡a1420145495 ‡q(paperback) | |
| 035 | . | ‡a(OCoLC)1082522722 | |
| 082 | 0 | 4. | ‡a813/.54 ‡223 |
| 049 | . | ‡aNRGA | |
| 100 | 1 | . | ‡aKauffman, Donna, ‡eauthor. ‡0(LARL_NWRL_CONSORTIUM)139033 |
| 245 | 1 | 0. | ‡aLavender blue. ‡n#3 / ‡cDonna Kauffman. |
| 264 | 1. | ‡aNew York, NY : ‡bZebra Books, Kensington Publishing Corp., ‡c[2019] | |
| 264 | 4. | ‡c©2019 | |
| 300 | . | ‡a329 pages ; ‡c18 cm. | |
| 336 | . | ‡atext ‡btxt ‡2rdacontent | |
| 337 | . | ‡aunmediated ‡bn ‡2rdamedia | |
| 338 | . | ‡avolume ‡bnc ‡2rdacarrier | |
| 490 | 0 | . | ‡aBlue Hollow Falls ; ‡v3 |
| 520 | . | ‡aHannah Montgomery, the co-owner of a lavender farm who still grieves the son she lost years ago, develops a deep friendship with a widowed stonemason that could lead to something more if she is willing to take the risk. | |
| 650 | 0. | ‡aWomen farmers ‡vFiction. ‡0(LARL_NWRL_CONSORTIUM)167964 | |
| 650 | 0. | ‡aStonemasons ‡vFiction. ‡0(LARL_NWRL_CONSORTIUM)175307 | |
| 650 | 0. | ‡aWidowers ‡vFiction. ‡0(LARL_NWRL_CONSORTIUM)167915 | |
| 650 | 0. | ‡aSingle fathers ‡vFiction. ‡0(LARL_NWRL_CONSORTIUM)167304 | |
| 650 | 7. | ‡aFICTION ‡xRomance ‡xContemporary. ‡2bisacsh | |
| 650 | 7. | ‡aFICTION ‡xSmall Town & Rural. ‡2bisacsh | |
| 650 | 7. | ‡aFICTION ‡xWomen. ‡2bisacsh | |
| 655 | 7. | ‡aLove stories. ‡2gsafd | |
| 655 | 7. | ‡aRomance fiction. ‡2lcgft | |
| 905 | . | ‡ubacont | |
| 901 | . | ‡a309201 ‡b ‡c309201 ‡tbiblio ‡soclc | |

Add to basket
Permalink
Disable Highlighting